[Event "Torneo A Autunno Vomero"]
[Site "Napoli ITA"]
[Date "2016.10.13"]
[Round "6"]
[White "Somma, Erminio"]
[Black "Minopoli, Francesco"]
[WhiteElo "1561"]
[BlackElo "1615"]
[Result "0-1"]
[PlyCount "120"]
[EventDate "2016.09.15"]

1. d4 Nf6 2. Nf3 b6 3. e3 Bb7 4. Bd3 e6 5. Nbd2 c5 6. c3 Nc6 7. O-O Be7 8. Re1
O-O 9. Ne4 Nxe4 10. Bxe4 d5 11. Bd3 c4 12. Bc2 f5 13. b3 b5 14. b4 a5 15. Bd2
axb4 16. cxb4 Nxb4 17. Bxb4 Bxb4 18. Rf1 Bd6 19. Qb1 Bc6 20. Ne5 Bxe5 21. dxe5
Qb6 22. Re1 Rfb8 23. Qb4 Bd7 24. h4 Qd8 25. g3 Qf8 26. Qxf8+ Kxf8 27. f4 Ra3
28. Bd1 b4 29. Bf3 Rba8 30. Rab1 Rb8 31. Re2 Ba4 32. Kf2 b3 33. axb3 Raxb3 34.
Ra1 Be8 35. Rc2 g6 36. g4 Rb2 37. Ra2 c3 38. Be2 Ba4 39. Rcxb2 cxb2 40. Bd3 Bd1
41. Bb1 fxg4 42. Ra6 Bf3 43. Rxe6 Be4 44. Ba2 b1=Q 45. Bxb1 Rxb1 46. Ra6 Rb7
47. Kg3 h5 48. Ra8+ Ke7 49. Ra6 Bf5 50. Rc6 Be6 51. Rc2 Rb3 52. Kf2 Ra3 53.
Rc7+ Bd7 54. Rc2 Ke6 55. Rb2 Kf5 56. Rb7 Be6 57. Rb4 g3+ 58. Kxg3 Rxe3+ 59. Kf2
Re4 60. Rb1 Rxf4+ 0-1

[Event "Torneo A Autunno Vomero"]
[Site "Napoli ITA"]
[Date "2016.10.20"]
[Round "7"]
[White "Auletta, Pasquale"]
[Black "Minopoli, Francesco"]
[WhiteElo "1635"]
[BlackElo "1615"]
[Result "0-1"]
[PlyCount "128"]
[EventDate "2016.09.15"]

1. e4 c5 2. Nf3 a6 3. d4 cxd4 4. Nxd4 e6 5. Be2 Nf6 6. f3 Be7 7. Nc3 Nc6 8. Be3
Qc7 9. Qd2 d6 10. O-O-O Ne5 11. Bf4 O-O 12. h4 Rd8 13. h5 Nc4 14. Bxc4 Qxc4 15.
Nb3 e5 16. Be3 Be6 17. g4 b5 18. g5 b4 19. Na4 Nd7 20. g6 Qb5 21. h6 fxg6 22.
hxg7 Qxa4 23. Qh2 h5 24. Kb1 Kxg7 25. Rdg1 Rh8 26. Qg3 Bf7 27. f4 exf4 28. Bxf4
Bf6 29. Bxd6 Rae8 30. Re1 Be5 31. Qd3 Qb5 32. Qd2 Bxd6 33. Qxd6 Re6 34. Qd4+
Re5 35. Qf2 Rf8 36. Qg3 Bxb3 37. axb3 Nf6 38. Reg1 Ng4 39. Qd3 Qxd3 40. cxd3
Rf3 41. Rd1 Rf2 42. Rhe1 Rc5 43. Rf1 Rcc2 44. Rxf2 Rxf2 45. d4 Kf6 46. d5 Ke7
47. Rd4 Ne5 48. Rxb4 h4 49. Ka2 h3 50. Rb7+ Nd7 51. e5 Rd2 52. e6 Rxd5 53. exd7
Rxd7 54. Rb4 Rd2 55. Rh4 h2 56. Ka3 Kf6 57. Kb4 Rxb2 58. Kc3 Ra2 59. Kd3 g5 60.
Rh8 Kg7 61. Rh3 g4 62. Rh4 g3 63. Rh3 Rg2 64. Ke3 Rg1 0-1

[Event "Torneo A Autunno Vomero"]
[Site "Napoli ITA"]
[Date "2016.10.20"]
[Round "7"]
[White "Buonanno, Raffaele"]
[Black "Paduano, Gennaro"]
[WhiteElo "1923"]
[BlackElo "1773"]
[Result "1-0"]
[PlyCount "52"]
[EventDate "2016.09.15"]

1. d4 d6 2. c4 e5 3. d5 f5 4. e4 Nf6 5. Nc3 Be7 6. Bd3 f4 7. g3 g5 8. f3 Nbd7
9. h4 gxh4 10. gxf4 exf4 11. Bxf4 Nh5 12. Bh2 Ng3 13. Bxg3 hxg3 14. f4 Nf6 15.
e5 dxe5 16. fxe5 g2 17. Rh2 Bg4 18. Be2 Nxd5 19. Qxd5 Bh4+ 20. Kd1 Qg5 21. Kc2
Rd8 22. Qxg2 Bf5+ 23. Kb3 Qe7 24. Bh5+ Kf8 25. Qf3 Bf6 26. Qxf5 Qxe5 1-0

[Event "Torneo A Autunno Vomero"]
[Site "Napoli ITA"]
[Date "2016.10.20"]
[Round "7"]
[White "Castellano, Riccardo"]
[Black "Taurisano, Vincenzo"]
[WhiteElo "1598"]
[BlackElo "1850"]
[Result "1/2-1/2"]
[PlyCount "119"]
[EventDate "2016.09.15"]

1. e4 c5 2. Nf3 d6 3. d4 cxd4 4. Nxd4 Nf6 5. Nc3 a6 6. Be2 e5 7. Nb3 Be7 8. Be3
Be6 9. f3 O-O 10. Qd2 Nbd7 11. O-O-O Qc7 12. g4 b5 13. g5 Nh5 14. Kb1 Nb6 15.
f4 Nc4 16. Bxc4 bxc4 17. Nc1 Nxf4 18. Bxf4 exf4 19. h4 Rfb8 20. N1e2 Qb6 21.
Qc1 f3 22. Nf4 Qa5 23. Nfd5 Bxd5 24. Nxd5 Bd8 25. Rhf1 Ra7 26. Rxf3 Rab7 27.
Rdf1 Bb6 28. h5 Bd4 29. c3 Be5 30. R1f2 Qc5 31. Qf1 Qa3 32. Nb4 Rxb4 33. cxb4
Qxb4 34. Qc1 c3 35. b3 Qxe4+ 36. Qc2 Qe1+ 37. Qc1 Qe4+ 38. Qc2 Qg4 39. Qf5
Qxf5+ 40. Rxf5 f6 41. gxf6 gxf6 42. Kc2 Rb4 43. Rxf6 Bxf6 44. Rxf6 Rd4 45. h6
Rd2+ 46. Kxc3 Rxa2 47. Kc4 a5 48. Rxd6 a4 49. b4 Rc2+ 50. Kb5 a3 51. Ra6 a2 52.
Kb6 Rf2 53. Kc7 Rf7+ 54. Kb8 Rf8+ 55. Kc7 Rf7+ 56. Kb8 Rf6 57. Rxa2 Rb6+ 58.
Kc7 Rxb4 59. Rf2 Re4 60. Rf6 1/2-1/2

[Event "Torneo A Autunno Vomero"]
[Site "Napoli ITA"]
[Date "2016.10.20"]
[Round "7"]
[White "Chiummo, Sergio"]
[Black "Di Giovine, Massimo"]
[WhiteElo "1912"]
[BlackElo "1588"]
[Result "1-0"]
[PlyCount "107"]
[EventDate "2016.09.15"]

1. c4 c5 2. Nc3 Nf6 3. Nf3 e6 4. e4 d6 5. d4 cxd4 6. Nxd4 a6 7. Be2 Nbd7 8. O-O
Qc7 9. Be3 Be7 10. Rc1 b6 11. f4 O-O 12. Bf3 Bb7 13. Qe2 Nc5 14. Bf2 Rfe8 15.
b4 Ncd7 16. a3 Rad8 17. Bg3 Nf8 18. f5 e5 19. Nc2 N8d7 20. Ne3 Qb8 21. Ned5
Nxd5 22. Nxd5 Bxd5 23. cxd5 Rc8 24. Qxa6 Qa8 25. Qxa8 Rxa8 26. Rc3 Bg5 27. Rf2
Rec8 28. Rfc2 Rxc3 29. Rxc3 Kf8 30. Be1 Ke7 31. Be2 Nf6 32. Bf3 Kd7 33. Kf2 Rc8
34. Rxc8 Kxc8 35. a4 Bc1 36. Ke2 Bb2 37. Kd3 Bd4 38. Kc4 Nd7 39. Bh5 f6 40. a5
Kb7 41. Kb5 Nb8 42. Be8 bxa5 43. Bc6+ Ka7 44. bxa5 g5 45. Bb4 Bc5 46. Bxc5+
dxc5 47. Kxc5 Na6+ 48. Kd6 Nb8 49. Kc7 Na6+ 50. Kc8 Nb4 51. Bb5 Nc2 52. d6 Nd4
53. d7 Nxb5 54. d8=Q 1-0

[Event "Torneo A Autunno Vomero"]
[Site "Napoli ITA"]
[Date "2016.10.20"]
[Round "7"]
[White "Cosenza, Gianni"]
[Black "Paduano, Claudio"]
[WhiteElo "1908"]
[BlackElo "1757"]
[Result "0-1"]
[PlyCount "76"]
[EventDate "2016.09.15"]

1. e4 c5 2. Nf3 Nc6 3. Bc4 e6 4. Nc3 Nf6 5. d4 cxd4 6. Nxd4 Bb4 7. Nxc6 bxc6 8.
Bd3 O-O 9. O-O d5 10. e5 Nd7 11. Bf4 c5 12. Qh5 f5 13. a3 Ba5 14. Rfd1 Rb8 15.
Rab1 Bxc3 16. bxc3 Rxb1 17. Rxb1 c4 18. Bf1 Qa5 19. Qd1 Qxc3 20. Bd2 Qxe5 21.
Bb4 Re8 22. Qd2 Nf6 23. Bc3 Ne4 24. Bxe5 Nxd2 25. Rb8 Nxf1 26. Kxf1 g6 27. Ke2
Kf7 28. Ra8 a6 29. c3 Bb7 30. Ra7 Re7 31. Ke3 g5 32. Kd4 h5 33. Kc5 d4 34. Kxd4
Bxg2 35. Rxa6 Rd7+ 36. Kxc4 Bf1+ 37. Kb4 Bxa6 38. c4 Rd2 0-1

[Event "Torneo A Autunno Vomero"]
[Site "Napoli ITA"]
[Date "2016.10.20"]
[Round "7"]
[White "De Maria, Dario"]
[Black "Esposito, Giuseppe"]
[WhiteElo "1544"]
[BlackElo "1782"]
[Result "1/2-1/2"]
[PlyCount "116"]
[EventDate "2016.09.15"]

1. e4 c5 2. Nf3 d6 3. Bb5+ Bd7 4. Bxd7+ Nxd7 5. O-O Ngf6 6. Nc3 e6 7. d3 Be7 8.
Bg5 h6 9. Bxf6 Bxf6 10. Rb1 a6 11. Ne2 Qa5 12. a3 b5 13. c4 O-O 14. Nf4 g6 15.
Qc1 Kh7 16. h3 Qd8 17. Qd1 Ne5 18. Nxe5 dxe5 19. Ne2 Qd6 20. Qc2 Rfd8 21. Rfd1
Rd7 22. cxb5 axb5 23. Rbc1 Be7 24. Ra1 Rda7 25. Nc3 Qb6 26. Ne2 b4 27. a4 b3
28. Qc4 Rb7 29. Rf1 g5 30. Ra3 Qb4 31. Qxb4 Rxb4 32. Nc3 Rb7 33. Raa1 Rd7 34.
Rfd1 Bd8 35. g3 Ba5 36. Nb5 Rad8 37. Na3 Rxd3 38. Rxd3 Rxd3 39. Nc4 Bc7 40. a5
Rd8 41. a6 Kg6 42. Kg2 f5 43. exf5+ exf5 44. Ra3 Ra8 45. Ne3 e4 46. Nd5 Bd8 47.
Nc3 c4 48. a7 Bf6 49. Ra6 Kf7 50. Na4 Bd4 51. Nc3 Bxc3 52. bxc3 Ke7 53. Kf1 Kd7
54. Ra4 Kd6 55. Rxc4 Rxa7 56. Rb4 Ra3 57. Kg2 Kc5 58. h4 Kd5 1/2-1/2

[Event "Torneo A Autunno Vomero"]
[Site "Napoli ITA"]
[Date "2016.10.20"]
[Round "7"]
[White "Fortuna, Armando"]
[Black "Calvanese, Giuseppe"]
[WhiteElo "1657"]
[BlackElo "1599"]
[Result "1-0"]
[PlyCount "57"]
[EventDate "2016.09.15"]

1. e4 e5 2. Nf3 Nc6 3. Bb5 d6 4. O-O Bd7 5. c3 g6 6. Re1 Bg7 7. d4 f6 8. Be3
Nce7 9. Qb3 Rb8 10. Bc4 b6 11. Na3 Nh6 12. dxe5 fxe5 13. Rad1 Nc6 14. Ng5 Qf6
15. Nb5 Na5 16. Qb4 Kd8 17. Nxd6 cxd6 18. Rxd6 Qe7 19. Bb5 Bf8 20. Red1 Kc8 21.
Bxd7+ Qxd7 22. Rxd7 Bxb4 23. Ne6 Ra8 24. Rc7+ Kb8 25. cxb4 Re8 26. Rxh7 Ng4 27.
bxa5 Nf6 28. Rf7 Nxe4 29. Rdd7 1-0

[Event "Torneo A Autunno Vomero"]
[Site "Napoli ITA"]
[Date "2016.10.20"]
[Round "7"]
[White "Gallo, Thomas Renato"]
[Black "Caiazzo, Diego"]
[WhiteElo "1837"]
[BlackElo "1699"]
[Result "0-1"]
[PlyCount "132"]
[EventDate "2016.09.15"]

1. d4 e6 2. c4 Nf6 3. Nc3 d5 4. Nf3 Be7 5. Bf4 O-O 6. h3 a6 7. e3 Nbd7 8. cxd5
Nxd5 9. Bh2 Nxc3 10. bxc3 c6 11. Bd3 Nf6 12. O-O Bd6 13. Ne5 g6 14. Kh1 Qc7 15.
Qc2 Kg7 16. a4 Rd8 17. Ra2 Nd7 18. f4 Nf8 19. Rb1 Qe7 20. Nc4 Bc7 21. Nb6 Rb8
22. a5 Nd7 23. Nc4 c5 24. Be4 Nf6 25. Bf3 Nd5 26. Bg1 cxd4 27. e4 Nxf4 28. cxd4
Nh5 29. e5 Ng3+ 30. Kh2 Nf5 31. Qc3 h5 32. Nd2 Rd7 33. Ne4 Bd8 34. Nf6 Rc7 35.
Qd2 Qf8 36. Qg5 Kh8 37. Be3 Nxe3 38. Qxe3 Bxf6 39. exf6 Qd6+ 40. Kh1 Kh7 41.
Rab2 Rd7 42. Rb4 Qc7 43. Qe4 Rd5 44. Qd3 Rxa5 45. Rc4 Qd8 46. Rbc1 Rf5 47. Qc3
Bd7 48. Rc7 Be8 49. Re7 Rxf6 50. Qc7 Qxc7 51. Rcxc7 Kg8 52. Bxb7 Rd8 53. Bxa6
Ba4 54. Rc4 Bb3 55. Rb4 Bd5 56. Kg1 Ra8 57. Bc4 Bxc4 58. Rxc4 Ra1+ 59. Kh2 Rd1
60. Re8+ Kg7 61. Rb8 Rf4 62. Rbb4 Kf6 63. Kg3 g5 64. Ra4 h4+ 65. Kh2 Rff1 66.
g4 Rd2# 0-1

[Event "Torneo A Autunno Vomero"]
[Site "Napoli ITA"]
[Date "2016.10.20"]
[Round "7"]
[White "Lombardo, Michele"]
[Black "Ficco, Corrado"]
[WhiteElo "2080"]
[BlackElo "2041"]
[Result "1-0"]
[PlyCount "117"]
[EventDate "2016.09.15"]

1. e4 c5 2. Nc3 e6 3. g3 d5 4. Bg2 d4 5. Nce2 Nc6 6. d3 e5 7. f4 Bd6 8. Nf3 Qc7
9. O-O Nge7 10. a3 f6 11. Bd2 Bd7 12. Rb1 a5 13. c3 b5 14. cxd4 cxd4 15. Rc1
Qb6 16. Qb3 a4 17. Qa2 b4 18. axb4 Bxb4 19. fxe5 Bxd2 20. Nxd2 Nxe5 21. Nc4 Qb3
22. Qxb3 axb3 23. Nd6+ Kf8 24. Nxd4 Ra6 25. Nc4 Nxd3 26. Rc3 Nc5 27. Ne5 Ke8
28. Rxc5 fxe5 29. Rxe5 Rf8 30. Rxf8+ Kxf8 31. Nxb3 Ke8 32. Ra5 Rb6 33. Nc5 Rxb2
34. Ra8+ Bc8 35. Bh3 Kd8 36. Ne6+ Kd7 37. Nf8+ Kc7 38. Bxc8 Nxc8 39. Nxh7 Kd7
40. h4 Rc2 41. Ng5 Ke7 42. e5 Kd7 43. e6+ Ke7 44. Rb8 Kf6 45. Rb4 Nd6 46. Rf4+
Ke7 47. Ra4 Kf6 48. Ra7 g6 49. Rd7 Nf5 50. Rf7+ Ke5 51. g4 Nd6 52. Rd7 Ne8 53.
Rd8 Nf6 54. e7 Kf4 55. Nh7 Rc1+ 56. Kg2 Rc2+ 57. Kf1 Ne4 58. e8=Q Ke3 59. Rd1
1-0

[Event "Torneo A Autunno Vomero"]
[Site "Napoli ITA"]
[Date "2016.10.20"]
[Round "7"]
[White "Norcia, Fabrizio"]
[Black "Cocchia, Umberto"]
[WhiteElo "1425"]
[BlackElo "1835"]
[Result "0-1"]
[PlyCount "58"]
[EventDate "2016.09.15"]

1. e4 d5 2. exd5 Nf6 3. d4 Nxd5 4. c4 Nb6 5. Nf3 g6 6. Nc3 Bg7 7. Be3 O-O 8.
Be2 Nc6 9. h3 e5 10. Nxe5 Nxe5 11. dxe5 Bxe5 12. Qd2 Be6 13. b3 Qf6 14. Rc1
Rad8 15. Qc2 Bf5 16. Qb2 Bd3 17. Bxd3 Rxd3 18. Bd2 Rfd8 19. Rf1 Rxd2 20. Qxd2
Rxd2 21. Kxd2 Bf4+ 22. Kc2 Bxc1 23. Rxc1 Qxf2+ 24. Kb1 Nd7 25. Rc2 Qf5 26. Kc1
Nc5 27. Kb1 Nd3 28. a3 Ne1 29. Nd5 Qxc2+ 0-1

[Event "Torneo A Autunno Vomero"]
[Site "Napoli ITA"]
[Date "2016.10.20"]
[Round "7"]
[White "Pellegrino, Carlo"]
[Black "Mauro, Lucio"]
[WhiteElo "1522"]
[BlackElo "1598"]
[Result "0-1"]
[PlyCount "101"]
[EventDate "2016.09.15"]

1. d4 Nf6 2. Nf3 e6 3. Bf4 d5 4. e3 c6 5. c3 Be7 6. Nbd2 O-O 7. Bd3 Bd6 8. Ne5
Ne8 9. Ndf3 f6 10. h4 fxe5 11. Bxh7+ Kxh7 12. Ng5+ Kg8 13. dxe5 Be7 14. Qh5
Bxg5 15. hxg5 Rf5 16. Qh8+ Kf7 17. g6+ Ke7 18. g4 Rxf4 19. exf4 Kd7 20. f5 exf5
21. e6+ Kxe6 22. Qg8+ Kd6 23. O-O-O Be6 24. Qh7 Qd7 25. c4 Kc7 26. cxd5 Bxd5
27. Rhe1 Na6 28. Qh4 Nf6 29. g5 Ne8 30. Qf4+ Nd6 31. Qd4 Re8 32. Rxe8 Nxe8 33.
Qxa7 Qe7 34. Qd4 Qc5+ 35. Qxc5 Nxc5 36. Re1 Kd7 37. Re3 Bxa2 38. b4 Ne4 39. f4
Bc4 40. Ra3 N8d6 41. Ra8 Nc8 42. Ra5 b5 43. Ra3 Ned6 44. Rh3 Ne8 45. Kd2 Nb6
46. Rh8 Nd5 47. Rf8 Nxf4 48. Rxf5 Nxg6 49. Ke3 Nd6 50. Rf2 Ne5 51. Rg2 0-1

[Event "Torneo A Autunno Vomero"]
[Site "Napoli ITA"]
[Date "2016.10.20"]
[Round "7"]
[White "Tassaro, Renato"]
[Black "Esposito, Rosario"]
[WhiteElo "1588"]
[BlackElo "1784"]
[Result "1/2-1/2"]
[PlyCount "50"]
[EventDate "2016.09.15"]

1. d4 Nf6 2. c4 g6 3. Nc3 d5 4. a3 Bg7 5. Nf3 O-O 6. c5 b6 7. b4 bxc5 8. bxc5
Ba6 9. e3 Bxf1 10. Kxf1 Nc6 11. g3 Qc8 12. Kg2 Qa6 13. Qc2 Rab8 14. h4 h5 15.
Bd2 e6 16. Rhb1 Na5 17. Ne5 Nc4 18. Nxc4 Qxc4 19. Rb4 Rxb4 20. axb4 Ra8 21. f3
Qxb4 22. Nxd5 Qb7 23. c6 Qb8 24. Rb1 Qd8 25. Nxf6+ Bxf6 1/2-1/2